معجم الشعراء / (رقم التسجيلة. 27254)

تفاصيل مارك
000 -LEADER
fixed length control field 00834nam a22002297a 4500
005 - DATE AND TIME OF LATEST TRANSACTION
control field 20251108165417.0
008 - FIXED-LENGTH DATA ELEMENTS--GENERAL INFORMATION
fixed length control field 250721s1982 xx 000 0 ara d
082 14 - DEWEY DECIMAL CLASSIFICATION NUMBER
Classification number م/929.1/معج
100 1# - MAIN ENTRY--PERSONAL NAME
Personal name عبيد الله، أبو عبيد الله محمد بن عمران
245 10 - TITLE STATEMENT
Title معجم الشعراء /
250 ## - EDITION STATEMENT
Edition statement ط2
246 13 - VARYING FORM OF TITLE
Title proper/short title المؤتلف و المختلف في أسماء الشعراء و كناهم و ألقابهم و أنسابهم و بعض شعرهم
264 1# - PRODUCTION, PUBLICATION, DISTRIBUTION, MANUFACTURE, AND COPYRIGHT NOTICE
Place of production, publication, distribution, manufacture بيروت :
Name of producer, publisher, distributor, manufacturer دار الكتب العلمية،
Date of production, publication, distribution, manufacture, or copyright notice 1982.
300 ## - PHYSICAL DESCRIPTION
Extent 556ص
650 17 - SUBJECT ADDED ENTRY--TOPICAL TERM
Topical term or geographic name as entry element الأنساب
650 17 - SUBJECT ADDED ENTRY--TOPICAL TERM
Topical term or geographic name as entry element الشعراء العرب
650 17 - SUBJECT ADDED ENTRY--TOPICAL TERM
Topical term or geographic name as entry element التراجم
700 1# - ADDED ENTRY--PERSONAL NAME
Personal name الأموي، أبو القاسم الحسن بن بشبر
700 1# - ADDED ENTRY--PERSONAL NAME
Personal name كرنكو، ف
Relator term تعليق
942 ## - ADDED ENTRY ELEMENTS (KOHA)
Source of classification or shelving scheme Dewey Decimal Classification
Koha item type مراجع
المقتنيات
حالة السحب حالة الفقدان مصدر التصنيف حالة التلف غير قابل للإعارة المكتبة الرئيسية المكتبة الحالية موقع الرف تاريخ التزويد الرقم المتسلسل Total Checkouts رقم الإستدعاء الباركود تاريخ آخر ظهور تاريخ الفاتورة نوع المادة (كوها)
    Dewey Decimal Classification   Not For Loan المكتبة المركزية المكتبة المركزية مراجع 06/07/2004 125269   م/929.1/معج 125269 28/07/2025 06/07/2004 مراجع
    Dewey Decimal Classification   Not For Loan مكتبة أم قصير والمقابلين العامة مكتبة أم قصير والمقابلين العامة مراجع 02/11/2014 [ 2031 ]   م/929.1/معج PLD00357962 28/07/2025 02/11/2014 مراجع
Implemented & Customized by: BBB with SCIT (Smart Chains for Information Technology)

Powered by Koha